|
|
|
|
| LEADER |
00000nas a2200000 a 4500 |
| 001 |
ssj0012168 |
| 003 |
WaSeSS |
| 005 |
20200512172242.0 |
| 006 |
m d |
| 007 |
cr n |
| 008 |
050614c19659999nyuqr p s o 0 a0eng c |
| 010 |
|
|
|a 2011234213
|
| 022 |
|
|
|a 2330-0876
|y 0036-3529
|
| 035 |
|
|
|a (WaSeSS)ssj0012168
|
| 040 |
|
|
|a OCLCS
|b eng
|c OCLCS
|d OCLCQ
|d FJM
|d OCLCQ
|d BUF
|d EQO
|d AU@
|d WAU
|d OCLCQ
|d EYM
|d HLS
|d CUD
|d OCLCQ
|d DLC
|d COO
|d OCLCO
|d OCLCQ
|d OCLCF
|d OCLCO
|d OCLCQ
|d VT2
|d WaSeSS
|
| 042 |
|
|
|a pcc
|a nsdp
|
| 050 |
1 |
4 |
|a AS30
|b .S33
|
| 050 |
|
4 |
|a AP2
|b .S22
|
| 082 |
0 |
0 |
|a 360
|2 23
|
| 130 |
0 |
|
|a Salmagundi (Saratoga Springs, N.Y. : Online)
|
| 222 |
|
0 |
|a Salmagundi
|b (Saratoga Springs, N.Y. Online)
|
| 245 |
1 |
0 |
|a Salmagundi
|h [electronic resource] :
|b a quarterly of the humanities & social sciences.
|
| 260 |
|
|
|3 Fall 1965-Spring 1969 :
|a Flushing, N.Y. :
|b Asyla,
|c 1965-
|
| 260 |
3 |
|
|3 Fall 1969/Winter 1970- :
|a Saratoga Springs, N.Y. :
|b Skidmore College
|
| 310 |
|
|
|a Quarterly
|
| 362 |
1 |
|
|a Began with v. 1, no. 1 (fall 1965).
|
| 506 |
|
|
|a License restrictions may limit access.
|
| 515 |
|
|
|a Issues for fall 1965-spring 1967 numbered as v. 1-2, no. 1; issue no. 88/89, fall 1990/winter 1991 called also 25th anniversary issue.
|
| 515 |
|
|
|a Volume 2 has continuous whole issue numbering as well as volume and repeating issue numbers. With No. 9 (Spring 1969) volume numbers are dropped in favor of continuous whole numbers only.
|
| 538 |
|
|
|a Mode of access: World Wide Web.
|
| 555 |
|
|
|a No. 1-30, 1965-75. 1 v.
|
| 588 |
|
|
|a Description based on: Vol. 1, no. 1 (fall 1965); title from PDF cover (JSTOR, viewed July 22, 2011).
|
| 588 |
|
|
|a Latest issue consulted: No. 148-149 (fall 2005-winter 2006) (JSTOR website, viewed July 16, 2013).
|
| 650 |
|
0 |
|a Social sciences
|v Periodicals.
|
| 650 |
|
0 |
|a Humanities
|v Periodicals.
|
| 650 |
|
7 |
|a Humanities.
|2 fast
|0 (OCoLC)fst00963588
|
| 650 |
|
7 |
|a Social sciences.
|2 fast
|0 (OCoLC)fst01122877
|
| 655 |
|
0 |
|a Electronic journals.
|
| 710 |
2 |
|
|a Skidmore College.
|
| 776 |
0 |
8 |
|i Print version:
|t Salmagundi (Saratoga Springs, N.Y.)
|x 0036-3529
|w (DLC)sn 79002144
|w (OCoLC)859916
|
| 856 |
4 |
0 |
|z Full text available from Research Library: 01/01/1994 to present
|u https://search.proquest.com/publication/29802
|